000 01615cam a2200397 i 4500
001 19294608
005 20240227154949.0
008 160929s2015 pk a 000 0 eng
010 _a 2016368010
020 _a9789692311908
025 _aP-E-2016368010
040 _aDLC
_beng
_cDLC
_erda
041 1 _aeng
_aurd
042 _alcode
046 _aa-pk---
050 0 0 _aNA6010.72.S92
_bC44 2015
082 _a729.6
_bCHE
245 0 0 _aCherishing poetry in wood & stone :
_bthe conservation of a traditional Swat valley mosque = Lakṛī aur pathar men̲ shāʻirī : ek rivāyatī Svātī masjid ko maḥfūz̤ karne ka manṣūbah /
_ceditor, Sameeta Ahmed.
246 1 _iTitle on added title page:
_aLakṛī aur pathar men̲ shāʻirī :
_bek rivāyatī Svātī masjid ko maḥfūz̤ karne ka manṣūbah
246 3 _aCherishing poetry in wood and stone
246 3 0 _aPoetry in wood & stone
246 3 _aPoetry in wood and stone
264 1 _aSwat ;
_bSwat Participatory Council,
_cc2015.
300 _a149 pages :
_bcolor illustrations ;
_c25 cm
336 _atext
_btxt
_2rdacontent
337 _aunmediated
_bn
_2rdamedia
338 _avolume
_bnc
_2rdacarrier
546 _aIncludes translation in Urdu.
650 0 _aMosques
_xConservation and restoration
_zPakistan
_zSwāt District.
_9121556
651 0 _aSwāt District (Pakistan)
_xAntiquities.
_9121557
700 1 _aAhmed, Sameeta,
_eeditor.
_9121558
710 1 _aSwat Participatory Council.
_9121559
906 _a7
_bcbc
_corigode
_d3
_encip
_f20
_gy-gencatlg
942 _2ddc
_cBK
999 _c608368
_d608368